|
|
|
|
| LEADER |
02752cam a2200661 i 4500 |
| 001 |
nkc20152720160 |
| 003 |
CZ PrNK |
| 005 |
20160223101827.0 |
| 007 |
ta |
| 008 |
151118s2015 xr abche f 001 0 cze d |
| 015 |
|
|
|a cnb002720160
|
| 020 |
|
|
|a 978-80-905280-4-8
|q (vázáno)
|
| 035 |
|
|
|a (OCoLC)944217155
|
| 040 |
|
|
|a KLG001
|b cze
|d BOA001
|d ABA001
|e rda
|
| 072 |
|
7 |
|a 799
|x Sportovní rybolov. Lovecký sport. Sportovní střelba
|2 Konspekt
|9 20
|
| 080 |
|
|
|a 799.1
|2 MRF
|
| 080 |
|
|
|a 639.21/.22
|2 MRF
|
| 080 |
|
|
|a 639.21
|2 MRF
|
| 080 |
|
|
|a 597.2/.5(28)
|2 MRF
|
| 080 |
|
|
|a (035)
|2 MRF
|
| 100 |
1 |
|
|a Adámek, Zdeněk,
|d 1949-
|7 jo20010090056
|4 aut
|
| 245 |
1 |
0 |
|a Rybářství a rybolov /
|c autoři textů Zdeněk Adámek, Jan Andreska, Karel Dubský, Zdeněk Edelmann, Lubomír Hanel, Peter Hanzély, Petr Hartvich, Tomáš Kepr, Karel Křivanec, Michal Kučera, Stanislav Lusk, Jana Navrátilová, Pavel Tomi, Milan Tychler, Petr Stupka, Jiří Vostradovský
|
| 250 |
|
|
|a Vydání třetí
|
| 264 |
|
1 |
|a Praha :
|b Český rybářský svaz,
|c 2015
|
| 300 |
|
|
|a 384 stran :
|b ilustrace (převážně barevné), 1 mapa, portréty, faksimile ;
|c 31 cm
|
| 336 |
|
|
|a text
|b txt
|2 rdacontent
|
| 336 |
|
|
|a statický obraz
|b sti
|2 rdacontent
|
| 337 |
|
|
|a bez média
|b n
|2 rdamedia
|
| 338 |
|
|
|a svazek
|b nc
|2 rdacarrier
|
| 500 |
|
|
|a Obsahuje rejstřík
|
| 500 |
|
|
|a 3800 výtisků
|
| 650 |
0 |
7 |
|a sportovní rybolov
|7 ph116253
|2 czenas
|
| 650 |
0 |
7 |
|a sladkovodní ryby
|7 ph116170
|2 czenas
|
| 650 |
0 |
9 |
|a sport fishing
|2 eczenas
|
| 650 |
0 |
9 |
|a freshwater fishes
|2 eczenas
|
| 655 |
|
7 |
|a příručky
|7 fd133209
|2 czenas
|
| 655 |
|
9 |
|a handbooks and manuals
|2 eczenas
|
| 700 |
1 |
|
|a Andreska, Jan,
|d 1963-
|7 jx20080414002
|4 aut
|
| 700 |
1 |
|
|a Dubský, Karel,
|d 1957-
|7 mzk2004228184
|4 aut
|
| 700 |
1 |
|
|a Edelmann, Zdeněk,
|d 1970-
|7 mzk2006317916
|4 aut
|
| 700 |
1 |
|
|a Hanel, Lubomír,
|d 1956-
|7 jn20001103078
|4 aut
|
| 700 |
1 |
|
|a Hanzély, Peter
|7 mzk2016899114
|4 aut
|
| 700 |
1 |
|
|a Hartvich, Petr,
|d 1944-
|7 uzp2006333632
|4 aut
|
| 700 |
1 |
|
|a Kepr, Tomáš,
|d 1955-
|7 mzk2004261025
|4 aut
|
| 700 |
1 |
|
|a Křivanec, Karel,
|d 1947-
|7 jk01070102
|4 aut
|
| 700 |
1 |
|
|a Kučera, Michal,
|d 1970-
|7 mzk2005266040
|4 aut
|
| 700 |
1 |
|
|a Lusk, Stanislav,
|d 1940-
|7 jk01072674
|4 aut
|
| 700 |
1 |
|
|a Navrátilová, Jana,
|d 1978-
|7 mzk2006343351
|4 aut
|
| 700 |
1 |
|
|a Tomi, Pavel
|7 mzk2016899120
|4 aut
|
| 700 |
1 |
|
|a Tychler, Milan
|7 xx0005730
|4 aut
|
| 700 |
1 |
|
|a Stupka, Petr,
|d 1956-
|7 xx0027968
|4 aut
|
| 700 |
1 |
|
|a Vostradovský, Jiří,
|d 1933-
|7 jx20050520032
|4 aut
|
| 910 |
2 |
|
|a BOA001
|b 4-1358.857
|
| 920 |
|
|
|a 1049360
|z KLG001
|
| 990 |
|
|
|a BK
|
| 995 |
|
|
|a 01
|
| 991 |
|
|
|b 201602
|c NOV
|
| 996 |
6 |
|
|b 2610655765
|c 4-1358.857
|l MZK
|r Sklad / do 1 hodiny
|n 0
|p p.v.
|w 001539131
|u 000010
|a 1
|e BOA001
|j MZK50
|s P
|